[Event "Lichtenberger Sommer 2018"]
[Site "?"]
[Date "2018.08.20"]
[Round "3.26"]
[White "Albert, Jörg"]
[Black "Grassi, Fabrizio"]
[Result "1/2-1/2"]
[WhiteElo "2141"]
[BlackElo "1896"]
[PlyCount "122"]
[EventDate "2018.??.??"]
[WhiteTeam "SV Eiche Reichenbrand"]
[BlackTeam "SV Berlin-Friedrichstadt"]

1. d4 d5 2. Nf3 Nf6 3. e3 Bg4 4. h3 Bxf3 5. Qxf3 e6 6. c4 c6 7. Nc3 Nbd7 8. Bd3
Bd6 9. O-O O-O 10. cxd5 exd5 11. e4 dxe4 12. Nxe4 Nxe4 13. Qxe4 Nf6 14. Qh4 h6
15. Re1 Re8 16. Bd2 Rxe1+ 17. Rxe1 Be7 18. Qg3 Kf8 19. a3 Qd7 20. Rxe7 Kxe7 21.
Bb4+ Kd8 22. Qxg7 Ne8 23. Qe5 Qe6 24. Qf4 Qf6 25. Qg3 Qxd4 26. Bc3 Qd6 27. Be5
Qe6 28. b4 f6 29. Bf4 Ke7 30. Qg6 Rd8 31. Bf5 Qf7 32. Qxh6 Rd5 33. g4 Rd4 34.
Be3 Rd1+ 35. Kh2 Qd5 36. Bc5+ Kd8 37. Qe3 Rh1+ 38. Kg3 Qe5+ 39. Qxe5 fxe5 40.
Bxa7 Nd6 41. Bb6+ Ke8 42. Bg6+ Ke7 43. h4 Rg1+ 44. Kf3 Ra1 45. g5 Rxa3+ 46. Kg4
Rb3 47. Bc5 b6 48. Bxd6+ Kxd6 49. Be4 Rxb4 50. Kf5 Rb2 51. f3 Rh2 52. g6 Ke7
53. Bxc6 Rxh4 54. Kxe5 Rh5+ 55. Kd4 Kf6 56. Be4 Rc5 57. Bd3 Rc7 58. Ke3 Rc5 59.
Kd4 Rc8 60. Ke3 Rc5 61. Kd2 b5 1/2-1/2

[Event "Lichtenberger Sommer 2018"]
[Site "?"]
[Date "2018.08.20"]
[Round "3.27"]
[White "Simon, Ralf-Axel"]
[Black "Schönberger, Kay"]
[Result "1/2-1/2"]
[WhiteElo "2149"]
[BlackElo "1889"]
[PlyCount "82"]
[EventDate "2018.??.??"]
[WhiteTeam "SK Ricklingen"]
[BlackTeam "SV Koblenz"]

1. Nf3 Nf6 2. c4 g6 3. Nc3 Bg7 4. e4 d6 5. d4 O-O 6. Be2 e5 7. O-O Na6 8. Be3
Ng4 9. Bg5 Qe8 10. Nd5 f6 11. Bc1 c6 12. Nc3 f5 13. d5 c5 14. Ne1 Nf6 15. f3 f4
16. Nd3 g5 17. Nf2 h5 18. a3 Rf7 19. Bd2 Bf8 20. h3 Rg7 21. Rb1 Qg6 22. b4 cxb4
23. axb4 g4 24. fxg4 hxg4 25. hxg4 Nxg4 26. Bxg4 Bxg4 27. Qxg4 Qxg4 28. Nxg4
Rxg4 29. Nb5 Be7 30. Rf3 Kg7 31. Be1 Rg6 32. Bf2 Rc8 33. Rc3 Rf8 34. c5 dxc5
35. bxc5 f3 36. g3 Nxc5 37. Bxc5 Rxg3+ 38. Kf1 Bxc5 39. Rxc5 f2 40. Ke2 Rff3
41. Nd6 Re3+ 1/2-1/2

[Event "Lichtenberger Sommer 2018"]
[Site "?"]
[Date "2018.08.20"]
[Round "3.28"]
[White "Heppert, Lars"]
[Black "Vogel, Robert"]
[Result "1/2-1/2"]
[WhiteElo "1925"]
[BlackElo "2134"]
[PlyCount "59"]
[EventDate "2018.??.??"]
[WhiteTeam "SK Neuburg"]
[BlackTeam "SG Pang-Rosenheim"]

1. c4 g6 2. g3 Bg7 3. Bg2 e5 4. Nc3 d6 5. d3 Nc6 6. e3 Be6 7. Nge2 Qd7 8. Nd5
Nd8 9. e4 c6 10. Ne3 Bh3 11. O-O Bxg2 12. Kxg2 Ne7 13. f4 f5 14. exf5 gxf5 15.
Rb1 h5 16. d4 e4 17. d5 c5 18. b4 Nf7 19. bxc5 dxc5 20. Bb2 Bxb2 21. Rxb2 h4
22. Qb3 hxg3 23. hxg3 Nd6 24. Qc3 Kf7 25. Rbb1 Ng6 26. Rh1 Qe7 27. Rbg1 b6 28.
Kf2 Qf6 29. Qxf6+ Kxf6 30. g4 1/2-1/2

[Event "Lichtenberger Sommer 2018"]
[Site "?"]
[Date "2018.08.20"]
[Round "3.29"]
[White "Seitz, Patrick"]
[Black "Geldner, Gerrit"]
[Result "1-0"]
[WhiteElo "1998"]
[BlackElo "1780"]
[PlyCount "61"]
[EventDate "2018.??.??"]
[WhiteTeam "SC Böblingen"]
[BlackTeam "vereinslos"]

1. e4 d6 2. d4 Nf6 3. Nc3 g6 4. Nf3 Bg7 5. h3 O-O 6. Be3 c6 7. Qd2 b5 8. Bd3 a6
9. Bh6 Nbd7 10. e5 dxe5 11. dxe5 Nd5 12. Nxd5 cxd5 13. h4 Nc5 14. h5 Nxd3+ 15.
cxd3 Qb6 16. O-O-O Bg4 17. Bxg7 Kxg7 18. hxg6 Qxg6 19. Kb1 h5 20. Nh4 Qh6 21.
Qb4 Qe6 22. f3 Bf5 23. Qxe7 Bg6 24. Qg5 Rae8 25. Nxg6 fxg6 26. Rxh5 Rh8 27.
Rdh1 Rxh5 28. Rxh5 Rh8 29. Rxh8 Kxh8 30. Qf6+ Qxf6 31. exf6 1-0

[Event "Lichtenberger Sommer 2018"]
[Site "?"]
[Date "2018.08.20"]
[Round "3.30"]
[White "Guder, Sibylle"]
[Black "Kröncke, Manfred"]
[Result "1/2-1/2"]
[WhiteElo "1794"]
[BlackElo "2027"]
[PlyCount "151"]
[EventDate "2018.??.??"]
[WhiteTeam "SF 1903 Berlin"]
[BlackTeam "SG Glückstadt"]

1. e4 c5 2. Nc3 Nc6 3. f4 g6 4. Nf3 Bg7 5. Bb5 Nd4 6. O-O e6 7. Kh1 a6 8. Bd3
d6 9. Nxd4 cxd4 10. Ne2 Ne7 11. Ng3 Nc6 12. c3 O-O 13. Qf3 Qh4 14. Bc2 Bd7 15.
Qf2 Rac8 16. Ne2 Qxf2 17. Rxf2 Ne7 18. Bb1 Rc7 19. Bd3 Rfc8 20. Rf1 Nc6 21. Rb1
f5 22. exf5 gxf5 23. b3 b5 24. Ba3 d5 25. Bd6 Rb7 26. cxd4 Nxd4 27. Nxd4 Bxd4
28. Rbc1 Bb2 29. Rxc8+ Bxc8 30. Rb1 Bd4 31. Rc1 Bd7 32. Be2 Rb6 33. Be5 Bxe5
34. fxe5 b4 35. Rc5 Bb5 36. Bxb5 axb5 37. d4 Kg7 38. Kg1 Kg6 39. Kf2 h6 40. Kf3
Rb7 41. h3 h5 42. Rc6 Kf7 43. Rc5 Rb6 44. g3 Kg6 45. Kf4 Kh6 46. Rc8 Ra6 47.
Rb8 Rxa2 48. Rxb5 h4 49. gxh4 Rf2+ 50. Kg3 Rd2 51. Rxb4 Rd3+ 52. Kf2 Kh5 53.
Ke2 Rxh3 54. Rb6 Kg4 55. b4 Kf4 56. Rxe6 Ke4 57. b5 Rxh4 58. b6 f4 59. b7 f3+
60. Kf2 Rh2+ 61. Kg3 Rg2+ 62. Kh3 Rb2 63. Re7 Kxd4 64. e6 f2 65. Kg2 Ke5 66.
b8=Q+ Rxb8 67. Kxf2 Kd6 68. Rh7 Kxe6 69. Rh5 Rb3 70. Ke2 Kd6 71. Kd2 Kc5 72.
Rh4 d4 73. Rh8 Rc3 74. Rc8+ Kd5 75. Rxc3 dxc3+ 76. Kxc3 1/2-1/2

[Event "Lichtenberger Sommer 2018"]
[Site "?"]
[Date "2018.08.20"]
[Round "3.31"]
[White "Korell, Klaus-Peter"]
[Black "Hahlbohm, Matthias"]
[Result "1/2-1/2"]
[WhiteElo "1847"]
[BlackElo "2112"]
[PlyCount "76"]
[EventDate "2018.??.??"]
[WhiteTeam "SG TT/Wiheil"]
[BlackTeam "TSG Oberschöneweide"]

1. d4 d5 2. c4 e6 3. Nf3 Nf6 4. Nc3 Be7 5. Bg5 O-O 6. e3 h6 7. Bh4 Nbd7 8. cxd5
Nxd5 9. Bxe7 Qxe7 10. Bd3 Nxc3 11. bxc3 c5 12. O-O b6 13. Re1 Bb7 14. e4 Qd6
15. Qe2 Rfe8 16. Rad1 Qc7 17. e5 Rad8 18. Nd2 Nf8 19. Ne4 Bxe4 20. Qxe4 Re7 21.
Bb5 Qc8 22. Re3 Rc7 23. Rg3 cxd4 24. cxd4 Rc1 25. Rxc1 Qxc1+ 26. Bf1 Qb2 27.
Qh4 Rxd4 28. Qxh6 Ng6 29. Rxg6 fxg6 30. Qxg6 Kf8 31. Qxe6 Qb1 32. g3 Rd1 33.
Qc4 Rc1 34. Qe2 Re1 35. Qa6 b5 36. Qd6+ Kf7 37. Qd7+ Kg6 38. Qg4+ Kf7 1/2-1/2

[Event "Lichtenberger Sommer 2018"]
[Site "?"]
[Date "2018.08.20"]
[Round "3.32"]
[White "Fock, Amina"]
[Black "Wörz, Markus"]
[Result "1-0"]
[WhiteElo "1824"]
[BlackElo "2027"]
[PlyCount "57"]
[EventDate "2018.??.??"]
[WhiteTeam "SC Zugzwang 95 (Berlin)"]
[BlackTeam "SC Kreuzberg"]

1. e4 e5 2. Nc3 Nf6 3. g3 d5 4. exd5 Nxd5 5. Bg2 Be6 6. Qe2 Nc6 7. Nf3 Nxc3 8.
dxc3 Bd6 9. Ng5 Bf5 10. g4 Bd7 11. Bd5 O-O 12. Qe4 g6 13. h4 Ne7 14. Bxb7 Rb8
15. Rh2 Rxb7 16. Qxb7 Bc6 17. Qa6 e4 18. Rh3 h6 19. Nxe4 Bxe4 20. Bxh6 Bg2 21.
Rd3 Re8 22. O-O-O Qa8 23. Qc4 Be5 24. f4 Bh8 25. Qxc7 Nd5 26. Qc5 Nf6 27. g5
Ne4 28. Qg1 Bh3 29. Rxh3 1-0

[Event "Lichtenberger Sommer 2018"]
[Site "?"]
[Date "2018.08.20"]
[Round "3.33"]
[White "Kretzschmar, Jan"]
[Black "Syre, Christian"]
[Result "1/2-1/2"]
[WhiteElo "1817"]
[BlackElo "2184"]
[PlyCount "93"]
[EventDate "2018.??.??"]
[WhiteTeam "SC Kreuzberg"]
[BlackTeam "TSG Oberschöneweide"]

1. d4 Nf6 2. Bf4 c5 3. d5 Qb6 4. Nc3 Qxb2 5. Bd2 Qb6 6. e4 e5 7. Nf3 d6 8. h3
Be7 9. a4 O-O 10. a5 Qd8 11. Bd3 Nbd7 12. Qe2 Ne8 13. g4 g6 14. Nd1 c4 15. Bxc4
Ng7 16. Be3 Kh8 17. Bd3 Qc7 18. Qd2 Nf6 19. Nc3 Bd7 20. Ne2 Ng8 21. Ng3 f5 22.
gxf5 gxf5 23. Nxf5 Nxf5 24. exf5 Bxf5 25. Ng5 Bxg5 26. Bxg5 Bxd3 27. Qxd3 Rac8
28. Ra2 Qc4 29. Qxc4 Rxc4 30. Be3 Nf6 31. Bxa7 Nxd5 32. Kd2 Ra8 33. Be3 Rc7 34.
Rg1 Nb4 35. Rb2 Nc6 36. Bb6 Rf7 37. Ra2 d5 38. Ke2 d4 39. f3 Re8 40. Ra3 Nb4
41. Kd1 Rc8 42. Rg2 Rg7 43. Rxg7 Kxg7 44. f4 Nxc2 45. Rg3+ Kf6 46. fxe5+ Kxe5
47. Kd2 1/2-1/2

[Event "Lichtenberger Sommer 2018"]
[Site "?"]
[Date "2018.08.20"]
[Round "3.34"]
[White "Keusch, Horst"]
[Black "Moser, Axel"]
[Result "0-1"]
[WhiteElo "1932"]
[BlackElo "2144"]
[PlyCount "86"]
[EventDate "2018.??.??"]
[WhiteTeam "SC Friesen Lichtenberg"]
[BlackTeam "SC Kreuzberg"]

1. f4 d5 2. Nf3 g6 3. e3 Bg7 4. Be2 c5 5. d3 Nc6 6. O-O Nf6 7. c3 O-O 8. Qe1
Qc7 9. Qh4 e5 10. e4 exf4 11. Bxf4 Qb6 12. e5 Nd7 13. Bh6 Ncxe5 14. Nbd2 f6 15.
Bxg7 Kxg7 16. Nxe5 Nxe5 17. d4 cxd4 18. cxd4 Nc6 19. Nb3 a5 20. Rad1 a4 21. Nc1
Qxb2 22. Rf2 Qb6 23. Bf3 Be6 24. Ne2 Rad8 25. Qg3 Bf7 26. h4 Ne7 27. Qf4 Qd6
28. Qd2 Nf5 29. h5 Rfe8 30. Rb1 Re7 31. Bg4 Ne3 32. h6+ Kxh6 33. Rf3 Rde8 34.
Kf2 Kg7 35. Rxe3 Rxe3 36. Rxb7 h5 37. Bf3 h4 38. Qxe3 Rxe3 39. Kxe3 Qa3+ 40.
Kf2 Qxa2 41. Kg1 Kf8 42. Nf4 Qa1+ 43. Kh2 Qxd4 0-1

[Event "Lichtenberger Sommer 2018"]
[Site "?"]
[Date "2018.08.20"]
[Round "3.35"]
[White "Hamann, Carsten"]
[Black "Schmidt, Jürgen"]
[Result "1-0"]
[WhiteElo "2141"]
[BlackElo "1874"]
[PlyCount "57"]
[EventDate "2018.??.??"]
[WhiteTeam "Preetzer TSV"]
[BlackTeam "SC Kreuzberg"]

1. e4 e5 2. Nf3 Nc6 3. Bb5 a6 4. Ba4 Nf6 5. O-O b5 6. Bb3 Be7 7. Re1 d6 8. c3
O-O 9. h3 Na5 10. Bc2 c5 11. d4 cxd4 12. cxd4 Qc7 13. Nbd2 Bd7 14. Nf1 Rac8 15.
Ne3 h6 16. b3 Nc6 17. Bb2 Rfe8 18. Rc1 Qb8 19. Qd2 d5 20. Nxd5 Nxd5 21. exd5
Bb4 22. Qd3 Bxe1 23. Qh7+ Kf8 24. Rxe1 Ne7 25. Nxe5 Red8 26. d6 Qxd6 27. Qh8+
Ng8 28. Nxd7+ Rxd7 29. Bh7 1-0

[Event "Lichtenberger Sommer 2018"]
[Site "?"]
[Date "2018.08.20"]
[Round "3.36"]
[White "Matitschka, Johannes"]
[Black "Böttcher, Patrick"]
[Result "0-1"]
[WhiteElo "1774"]
[BlackElo "2100"]
[PlyCount "62"]
[EventDate "2018.??.??"]
[WhiteTeam "TSG Oberschöneweide"]
[BlackTeam "SC Zitadelle Spandau"]

1. e4 c5 2. Nf3 Nc6 3. d3 g6 4. g3 Bg7 5. Bg2 e5 6. Nbd2 Nge7 7. Nc4 d6 8. a4
O-O 9. O-O Kh8 10. h4 h6 11. Nh2 f5 12. f4 Be6 13. h5 exf4 14. gxf4 fxe4 15.
Bxe4 d5 16. Bxg6 dxc4 17. Qe2 Nd4 18. Qg2 cxd3 19. Bxd3 Ndf5 20. Ng4 Bd4+ 21.
Kh2 Rg8 22. Qh3 Ne3 23. Bxe3 Bxg4 24. Qh4 Nf5 25. Bxd4+ cxd4 26. Qxd8 Raxd8 27.
Rg1 Ne3 28. Bg6 Rdf8 29. Rae1 Rxf4 30. Rxe3 dxe3 31. Kg3 Rf6 0-1

[Event "Lichtenberger Sommer 2018"]
[Site "?"]
[Date "2018.08.20"]
[Round "3.37"]
[White "Plaza Reino, Mercedes"]
[Black "Schäfer, Heiko"]
[Result "0-1"]
[WhiteElo "1701"]
[BlackElo "1978"]
[PlyCount "82"]
[EventDate "2018.??.??"]
[WhiteTeam "Enniscorthy Chess Club"]
[BlackTeam "Potsdamer SV"]

1. d4 d5 2. c4 e6 3. Nc3 c6 4. Nf3 dxc4 5. a4 Bb4 6. e3 b5 7. Bd2 a5 8. Be2 Bb7
9. O-O Qb6 10. Ne5 Nf6 11. Qc2 Nbd7 12. Nxd7 Nxd7 13. Rfd1 O-O 14. e4 e5 15.
Be3 Rad8 16. dxe5 Bc5 17. Bxc5 Nxc5 18. axb5 cxb5 19. Nd5 Bxd5 20. exd5 Nb3 21.
Rab1 Nd4 22. Qe4 Nxe2+ 23. Qxe2 Rfe8 24. Kh1 Qc5 25. f4 Rxd5 26. Rxd5 Qxd5 27.
Rd1 Qc6 28. Qd2 b4 29. Rc1 Rc8 30. Qd4 g6 31. Qe3 c3 32. bxc3 bxc3 33. h3 c2
34. Qd3 a4 35. f5 Qc5 36. f6 a3 37. Qd2 a2 38. Qh6 Qf8 39. Qd2 Qa3 40. Qh6
Qxc1+ 41. Qxc1 a1=Q 0-1

[Event "Lichtenberger Sommer 2018"]
[Site "?"]
[Date "2018.08.20"]
[Round "3.38"]
[White "Meister, Alexander"]
[Black "Stein, Siegfried"]
[Result "1/2-1/2"]
[WhiteElo "1962"]
[BlackElo "1822"]
[PlyCount "44"]
[EventDate "2018.??.??"]
[WhiteTeam "vereinslos"]
[BlackTeam "SV Berolina Mitte"]

1. d4 Nf6 2. Nf3 g6 3. g3 Bg7 4. Bg2 O-O 5. O-O d5 6. Re1 b6 7. Ne5 Bb7 8. Nd2
Nbd7 9. Ndf3 Rc8 10. Be3 c5 11. c3 Ne4 12. Qa4 Nxe5 13. Nxe5 f6 14. Nd3 Bc6 15.
Qd1 cxd4 16. cxd4 e5 17. f3 Nd6 18. Bh3 Bd7 19. Bxd7 Qxd7 20. dxe5 fxe5 21. Nb4
d4 22. Qb3+ Qf7 1/2-1/2

[Event "Lichtenberger Sommer 2018"]
[Site "?"]
[Date "2018.08.20"]
[Round "3.39"]
[White "Kornrumpf, Joachim"]
[Black "Birkholz, Axel"]
[Result "0-1"]
[WhiteElo "2062"]
[BlackElo "1858"]
[PlyCount "124"]
[EventDate "2018.??.??"]
[WhiteTeam "Preetzer TSV"]
[BlackTeam "SR Spaichingen"]

1. b3 e5 2. Bb2 Nc6 3. e3 Nf6 4. c4 Be7 5. d3 O-O 6. Be2 d5 7. cxd5 Nxd5 8. a3
Be6 9. Nf3 Bf6 10. Qc2 Re8 11. Nbd2 Bg4 12. O-O g6 13. Rac1 Bg7 14. Rfe1 Rc8
15. Ne4 Nb8 16. h3 Bxf3 17. Bxf3 Nd7 18. Red1 N7f6 19. Nxf6+ Bxf6 20. d4 e4 21.
Bxe4 c6 22. Bf3 Bg5 23. Bxd5 Qxd5 24. Qd3 f5 25. Rc5 Qe4 26. Qc4+ Kf8 27. Re5
Qh4 28. Rxe8+ Rxe8 29. Qc5+ Re7 30. d5 cxd5 31. Rxd5 Qe4 32. f4 Bh4 33. Rd8+
Kf7 34. Qd5+ Qxd5 35. Rxd5 Rxe3 36. b4 Bg3 37. Re5 Bxf4 38. Rxe3 Bxe3+ 39. Kf1
b5 40. Ke2 Bb6 41. Kd3 Ke6 42. Bc3 Kd5 43. Bb2 a6 44. Bc3 f4 45. Bd2 g5 46. Bc1
Bd4 47. Bd2 Bb2 48. Kc2 Be5 49. Kd3 h5 50. Bc1 g4 51. hxg4 hxg4 52. Bd2 f3 53.
gxf3 gxf3 54. Be3 Bg3 55. Bb6 f2 56. Ke2 Kc4 57. Be3 Kb3 58. Bc1 Be5 59. Kxf2
Bb2 60. Bd2 Bxa3 61. Ke2 Bxb4 62. Bh6 Kc2 0-1

[Event "Lichtenberger Sommer 2018"]
[Site "?"]
[Date "2018.08.20"]
[Round "3.40"]
[White "Schmalzried, Volker"]
[Black "Kapr, Klaus"]
[Result "0-1"]
[WhiteElo "1807"]
[BlackElo "1999"]
[PlyCount "70"]
[EventDate "2018.??.??"]
[WhiteTeam "vereinslos"]
[BlackTeam "SC Friesen Lichtenberg"]

1. c4 e5 2. Nc3 Nf6 3. g3 Nc6 4. Bg2 Bc5 5. Nf3 d6 6. O-O O-O 7. d3 h6 8. a3 a6
9. b4 Ba7 10. Bb2 Be6 11. e4 Qd7 12. Nd5 Nh7 13. Rc1 Rac8 14. d4 f6 15. c5 Kh8
16. Nh4 Qf7 17. Nxc7 Bb3 18. Qd3 dxc5 19. bxc5 Rxc7 20. d5 Na5 21. d6 Rxc5 22.
Rxc5 Bxc5 23. Rc1 Bb6 24. d7 Nc6 25. Bh3 Rd8 26. Ng6+ Kg8 27. Bf5 Be6 28. Bxe6
Qxe6 29. Rd1 Kf7 30. Nh4 Nf8 31. Qf3 Rxd7 32. Rxd7+ Qxd7 33. Qh5+ Kg8 34. a4
Qd2 35. Ba3 Qxf2+ 0-1

[Event "Lichtenberger Sommer 2018"]
[Site "?"]
[Date "2018.08.20"]
[Round "3.41"]
[White "Bonnez, Finn"]
[Black "Schubert, Joachim"]
[Result "1-0"]
[WhiteElo "1946"]
[BlackElo "1845"]
[PlyCount "41"]
[EventDate "2018.??.??"]
[WhiteTeam "Norrebro Chessclub"]
[BlackTeam "SC Friesen Lichtenberg"]

1. d4 f5 2. Nf3 Nf6 3. e3 e6 4. b3 b6 5. Bb2 Bb7 6. Nbd2 Be7 7. Bd3 O-O 8. Qe2
Nc6 9. a3 Qe8 10. h3 Qh5 11. O-O-O d5 12. g4 fxg4 13. hxg4 Qe8 14. g5 Ne4 15.
Nxe4 dxe4 16. Bxe4 g6 17. Rh3 Qf7 18. d5 Nd8 19. Ne5 Qxf2 20. Ng4 Qxe2 21. Nh6#
1-0

[Event "Lichtenberger Sommer 2018"]
[Site "?"]
[Date "2018.08.20"]
[Round "3.42"]
[White "Jeß, Arne"]
[Black "Silz, Elisa"]
[Result "1/2-1/2"]
[WhiteElo "1814"]
[BlackElo "2002"]
[PlyCount "129"]
[EventDate "2018.??.??"]
[WhiteTeam "TSG Fredersdorf/Vogelsdorf"]
[BlackTeam "SV Empor Berlin"]

1. e4 c5 2. Nf3 d6 3. d4 cxd4 4. Nxd4 Nf6 5. Nc3 a6 6. Be2 e6 7. g4 Nc6 8. Be3
Qc7 9. Qd2 b5 10. g5 Nd7 11. f4 Bb7 12. Bf3 Na5 13. b3 Rc8 14. Nce2 Be7 15. Ng3
Nc6 16. Nxc6 Qxc6 17. Rc1 Qc3 18. O-O Qxd2 19. Bxd2 O-O 20. Bb4 Nc5 21. h4 Rfd8
22. Kg2 Bf8 23. Ba5 Re8 24. Rfd1 f6 25. c4 Bc6 26. Rd2 bxc4 27. Rxc4 Bb5 28.
Rc3 e5 29. Nf5 Ne6 30. fxe5 dxe5 31. gxf6 gxf6 32. Rdc2 Nf4+ 33. Kh2 Bd7 34.
Ne3 Rxc3 35. Rxc3 Rc8 36. Nc4 Be6 37. Kg3 Bxc4 38. bxc4 Rc6 39. a3 Rd6 40. Bb4
Rd3 41. Rxd3 Nxd3 42. Bxf8 Kxf8 43. Kg4 Nc5 44. Kf5 Ke7 45. Be2 a5 46. Bf1 Kf7
47. h5 h6 48. Be2 Ne6 49. Kg4 Nd4 50. Bd1 Ke7 51. c5 Kd7 52. Ba4+ Kc7 53. Be8
Kd8 54. Ba4 Ke7 55. Bd1 Ne6 56. c6 Nd4 57. Ba4 Kd6 58. Kg3 Nxc6 59. Bxc6 Kxc6
60. Kg4 Kd6 61. Kf5 Ke7 62. Kg6 a4 63. Kg7 Ke6 64. Kg6 Ke7 65. Kg7 1/2-1/2

[Event "Lichtenberger Sommer 2018"]
[Site "?"]
[Date "2018.08.20"]
[Round "3.43"]
[White "Kutschke, Jens"]
[Black "Metzinger, Hannes"]
[Result "1-0"]
[WhiteElo "1984"]
[BlackElo "1734"]
[PlyCount "111"]
[EventDate "2018.??.??"]
[WhiteTeam "SF 1903 Berlin"]
[BlackTeam "SK Ottenau"]

1. e4 e5 2. Nf3 Nc6 3. Bc4 Bc5 4. O-O Nf6 5. d3 d6 6. Re1 a6 7. a4 Ba7 8. c3
O-O 9. Na3 h6 10. Nc2 Bg4 11. h3 Bh5 12. Be3 d5 13. exd5 Nxd5 14. Bxa7 Rxa7 15.
g4 Bg6 16. Nxe5 Nxe5 17. Rxe5 Nf4 18. Re3 Qh4 19. Qf3 Qg5 20. Rae1 b5 21. axb5
axb5 22. Bb3 Nxd3 23. Rxd3 Bxd3 24. Qxd3 Rd8 25. Qe3 c5 26. Qxg5 hxg5 27. Ne3
c4 28. Bc2 Ra2 29. Rb1 Rb8 30. b3 b4 31. bxc4 b3 32. Rxb3 Rxb3 33. Bxb3 Ra3 34.
Bc2 Rxc3 35. Kg2 Kf8 36. Kf3 Ke7 37. Ke4 Ke6 38. Kd4 Ra3 39. Bf5+ Kd6 40. c5+
Kc7 41. Be4 Ra2 42. f3 Rh2 43. Ke5 Rxh3 44. Nd5+ Kd8 45. c6 Rh6 46. c7+ Kc8 47.
Bf5+ Re6+ 48. Bxe6+ fxe6 49. Kxe6 g6 50. Kd6 Kb7 51. Ne7 Ka7 52. c8=Q Kb6 53.
Qc5+ Kb7 54. Qb5+ Ka8 55. Kc7 Ka7 56. Qb7# 1-0

[Event "Lichtenberger Sommer 2018"]
[Site "?"]
[Date "2018.08.20"]
[Round "3.44"]
[White "Rehmsmeier, Marc"]
[Black "Deutschbein, Christopher"]
[Result "0-1"]
[WhiteElo "1735"]
[BlackElo "1990"]
[PlyCount "92"]
[EventDate "2018.??.??"]
[WhiteTeam "SK International Berlin 2010"]
[BlackTeam "Eckernförder SC"]

1. e4 e5 2. Nf3 Nc6 3. d4 exd4 4. Nxd4 Nf6 5. Nxc6 bxc6 6. e5 Qe7 7. Qe2 Nd5 8.
c4 Ba6 9. b3 g6 10. g3 Bg7 11. Bb2 O-O 12. Bg2 f6 13. O-O fxe5 14. Re1 Nb6 15.
Ba3 c5 16. Bxa8 Rxa8 17. Qd2 Bb7 18. Nc3 Qe6 19. Rad1 Bf3 20. Re3 Bh6 21. Rxf3
Bxd2 22. Rxd2 d6 23. Re3 Qf7 24. Rde2 a5 25. Kg2 a4 26. Bb2 axb3 27. axb3 Rb8
28. Bc1 Nc8 29. Rf3 Qg7 30. Nd5 Ne7 31. Nf6+ Kh8 32. Re4 Nf5 33. Nd5 c6 34. Ne3
Nd4 35. Ng4 Nxf3 36. Kxf3 h5 37. Ne3 Rxb3 38. Kg2 Rd3 39. Rh4 Rd4 40. Nf5 gxf5
41. Rxh5+ Kg8 42. Rg5 Rxc4 43. Rxg7+ Kxg7 44. Bg5 e4 45. Kh3 Rc2 46. Be3 d5 0-1

[Event "Lichtenberger Sommer 2018"]
[Site "?"]
[Date "2018.08.20"]
[Round "3.45"]
[White "Eberlein, Johann"]
[Black "Schilly, Hans-Joachim"]
[Result "1-0"]
[WhiteElo "1936"]
[BlackElo "1771"]
[PlyCount "87"]
[EventDate "2018.??.??"]
[WhiteTeam "BSV 63 Chemie Weißensee"]
[BlackTeam "SF Siemensstadt"]

1. Nc3 d5 2. e4 c6 3. Qe2 dxe4 4. Nxe4 Bf5 5. Nf3 e6 6. d4 Nd7 7. Bd2 Ngf6 8.
Nxf6+ Nxf6 9. O-O-O a5 10. Nh4 Bg6 11. Nxg6 hxg6 12. Bf4 Be7 13. Qf3 Qd5 14.
Qxd5 Nxd5 15. Bd2 b5 16. c3 b4 17. Be2 bxc3 18. bxc3 O-O 19. Kc2 a4 20. Rb1
Rfb8 21. Bf3 g5 22. c4 Nb4+ 23. Bxb4 Rxb4 24. Rxb4 Bxb4 25. Bxc6 Rd8 26. Rd1
Rc8 27. Bxa4 Bd6 28. Bb5 Kf8 29. Kb3 Rd8 30. a4 Ke7 31. h3 f5 32. Rd3 g4 33. c5
Bc7 34. Kc4 gxh3 35. Rxh3 Ba5 36. Rh7 Kf6 37. Rh1 g5 38. Rh6+ Kf7 39. f3 Bd2
40. Rh7+ Kf6 41. c6 Kg6 42. c7 Ra8 43. Re7 Kf6 44. Re8 1-0

[Event "Lichtenberger Sommer 2018"]
[Site "?"]
[Date "2018.08.20"]
[Round "3.46"]
[White "Joppien, Arne"]
[Black "Bandsom, Olaf"]
[Result "1-0"]
[WhiteElo "1921"]
[BlackElo "1806"]
[PlyCount "49"]
[EventDate "2018.??.??"]
[WhiteTeam "TSV Cadenberge"]
[BlackTeam "SC Friesen Lichtenberg"]

1. d4 d5 2. Nf3 Nf6 3. Bf4 g6 4. e3 Bg7 5. h3 O-O 6. Bd3 c5 7. c3 cxd4 8. exd4
Nc6 9. O-O Bd7 10. Re1 Rc8 11. Qd2 a6 12. Bh6 Re8 13. Bxg7 Kxg7 14. Qe3 Qc7 15.
Nbd2 Rcd8 16. Ne5 Qc8 17. f4 Bf5 18. g4 Bxd3 19. Qxd3 Nxe5 20. fxe5 Ng8 21. Rf1
f6 22. Nf3 h6 23. Nh4 g5 24. Qg6+ Kh8 25. Nf5 1-0

[Event "Lichtenberger Sommer 2018"]
[Site "?"]
[Date "2018.08.20"]
[Round "3.47"]
[White "Krüger, Ekkehard"]
[Black "Verbitsky, Jaroslaw"]
[Result "0-1"]
[WhiteElo "1854"]
[BlackElo "1845"]
[PlyCount "130"]
[EventDate "2018.??.??"]
[WhiteTeam "SG NARVA Berlin"]
[BlackTeam "SV Mattnetz Berlin"]

1. d4 d5 2. c4 c6 3. Nc3 Nf6 4. Nf3 e6 5. Bg5 Be7 6. e3 Nbd7 7. Bd3 dxc4 8.
Bxc4 b5 9. Bd3 Bb7 10. O-O a6 11. Rc1 Rc8 12. Ne4 Nxe4 13. Bxe7 Nxf2 14. Qc2
Qxe7 15. Qxf2 O-O 16. Qg3 h6 17. Be4 f5 18. Bb1 c5 19. Ne5 Nxe5 20. Qxe5 cxd4
21. Rxc8 Bxc8 22. exd4 Qf6 23. Rd1 Rd8 24. Bc2 Rd5 25. Qxf6 gxf6 26. g3 Bb7 27.
Kf2 Rd6 28. Ke3 Bd5 29. a3 Rc6 30. Rd2 Kg7 31. Bd1 Kg6 32. Kf4 Rc1 33. h4 a5
34. Ke3 a4 35. Rd3 Bc4 36. Rd2 Bd5 37. Rd3 Be4 38. Rd2 Rc8 39. Be2 Rb8 40. Bd1
Kf7 41. Bc2 Rg8 42. Kf2 Ke7 43. Bd1 Kd6 44. Be2 Rb8 45. Rd1 b4 46. axb4 Rxb4
47. Rd2 Bd5 48. Bd1 Kc6 49. Bh5 e5 50. Be8+ Kd6 51. dxe5+ fxe5 52. Bg6 Ke6 53.
Bh7 Rb5 54. Bg8+ Kd6 55. Bf7 e4 56. Be8 Rb3 57. Bxa4 e3+ 58. Ke2 exd2 59. Bxb3
Bxb3 60. Kxd2 Ke5 61. Ke3 Bd5 62. b4 Bc6 63. Kd3 f4 64. gxf4+ Kxf4 65. h5 Kg5
0-1

[Event "Lichtenberger Sommer 2018"]
[Site "?"]
[Date "2018.08.20"]
[Round "3.48"]
[White "Jaeger, Andre"]
[Black "Kapp, Frank"]
[Result "1-0"]
[WhiteElo "1974"]
[BlackElo "1874"]
[PlyCount "141"]
[EventDate "2018.??.??"]
[WhiteTeam "SC Rochade (Berlin)"]
[BlackTeam "TSV IFA Chemnitz"]

1. d4 e6 2. c4 f5 3. Nf3 d5 4. Bf4 Bd6 5. e3 c6 6. Nc3 Nf6 7. Bd3 O-O 8. Qc2
Ne4 9. Bxd6 Qxd6 10. c5 Qe7 11. Ne5 Nd7 12. Nxd7 Bxd7 13. f3 Nf6 14. O-O-O e5
15. dxe5 Qxe5 16. Rhe1 d4 17. Bc4+ Kh8 18. exd4 Qxh2 19. Qd2 Qh6 20. Qxh6 gxh6
21. Rh1 Kg7 22. Ne2 Rae8 23. Nf4 Re7 24. Rh4 Rfe8 25. Kd2 b5 26. cxb6 axb6 27.
Rdh1 Nd5 28. Bxd5 cxd5 29. Rxh6 Kg8 30. Rxb6 Ra8 31. Nxd5 Rg7 32. Nf6+ Kh8 33.
Nxd7 Rxd7 34. Kc3 Rxa2 35. Rhh6 Ra4 36. Rhd6 Rc7+ 37. Kb3 Rac4 38. d5 Rd4 39.
Rdc6 Rd7 40. d6 f4 41. Kc3 Rd1 42. b4 Kg8 43. Rc4 Rg1 44. Rxf4 Rxg2 45. Rg4+
Rxg4 46. fxg4 Kf7 47. Kd4 Ke6 48. Kc5 Rg7 49. d7+ Ke7 50. Rd6 Kd8 51. Rd4 Rg5+
52. Kc4 h5 53. gxh5 Rxh5 54. b5 Rh1 55. Kc5 Rc1+ 56. Kb6 Rb1 57. Rd5 Rb2 58.
Kc6 Rc2+ 59. Kb7 Rb2 60. b6 Ra2 61. Kb8 Rb2 62. b7 Ra2 63. Rd4 Ra1 64. Rc4 Ra2
65. Rc8+ Kxd7 66. Rc4 Ra3 67. Rd4+ Ke7 68. Kc7 Rc3+ 69. Kb6 Rb3+ 70. Kc6 Rc3+
71. Kb5 1-0